01607nam a2200277 a 450000100100000000500170001000800410002702000180006804000250008608200150011110000400012624500670016626000370023330000210027050000630029159000270035495201190038195201190050095201190061995201130073895201190085195201140097095201140108495201140119899900170131200004772420201002060711.0180724s2015 dr 000 0 spa d a9789945167177 aDO-SdBNPbspacBNPHU axxxbC957d1 aCruz Henríquez, Juan de la97532913aUn diario vivir en tres etapas /cJuan de la Cruz Henríquez. aSanto DOmingo, :bBúho,c2015. a110 p. ;c20 cm. aIncluye datos biografícos del autor en la contraportada. aInventariado, 2018/ YL 0010718DSaGRbGRcHDd2018-07-24iLF1l0oxxx C957dp47724-30r2020-06-25te. 3w2020-06-25yLFDSZNo se presta 0010718DSaGRbGRcHDd2018-11-13iLF1l0oxxx C957dp47724-40r2020-06-25te. 4w2020-06-25yLFDSZNo se presta 0010718DSaGRbGRcHDd2018-11-13iLF1l0oxxx C957dp47724-50r2020-06-25te. 5w2020-06-25yLFDSZNo se presta 0010718PDaPDbPDcHDd2018-07-24iLF1l0oxxx C957dp47724-10r2020-06-25w2020-06-25yLFPDZNo se presta 0010718PDaPDbPDcHDd2018-07-24iLF1l0oxxx C957dp47724-20r2020-06-25te. 2w2020-06-25yLFPDZNo se presta 00107-18PDaGRbGRcOId2018-07-24iLF1l0oxxx C957dp47725-30r2020-06-25w2020-06-25yLFPDZNo se presta 00107-18PDaPDbPDcOId2018-07-24iLF1l0oxxx C957dp47725-10r2020-06-25w2020-06-25yLFPDZNo se presta 00107-18PDaPDbPDcOId2018-07-24iLF1l0oxxx C957dp47725-20r2020-06-25w2020-06-25yLFPDZNo se presta c47212d47212